| 000 | 00553nam a22001937a 4500 | ||
|---|---|---|---|
| 010 | _aENG-112084 | ||
| 020 |
_a9788120350861 _c425.00 |
||
| 035 | _aEN-95616 | ||
| 037 | _bDBAD/PUB | ||
| 082 | _a519.5 | ||
| 100 | _aNadar, E. Narayanan | ||
| 245 |
_aStatistics / _cby E. Narayanan Nadar |
||
| 250 | _a2nd ed | ||
| 260 |
_aDelhi _bPHI Learning _c2015 |
||
| 270 |
_aRimjhim House, 111, Patparganj Industrial Estate, _bDelhi _e110092 |
||
| 300 |
_axvii,472p. _c26cm(pbk) |
||
| 500 | _aIncludes index | ||
| 942 |
_2ddc _cEN _mNAD _h519.5 |
||
| 999 |
_c91210 _d91210 |
||